| 000 | 00809nam a2200229 a 4500 | ||
|---|---|---|---|
| 001 | 000009530 | ||
| 005 | 20240412074211.0 | ||
| 008 | 090930s1994 dr a 000 p spa d | ||
| 020 | _a8460516261 | ||
| 040 |
_aDO-SdBNP _bspa _cBNPHU |
||
| 082 |
_aRD861.44 _bA174v |
||
| 100 | 1 |
_aAcevedo, Pepa, _d1942- _924353 |
|
| 245 | 1 | 0 |
_aVersos para matar mosquitos en noches de insomnio / _cPepa Acevedo ; cuidado de edición Tomás Castro, ilustración Sara Sama Blanco. |
| 260 |
_aSanto Domingo : _bCorripio, _c1994. |
||
| 300 |
_a61 p. : _bil. ; _c22 cm. |
||
| 590 | _aInventariado, 2020/BT | ||
| 650 | 0 |
_aPoesía dominicana _966 |
|
| 650 | 0 |
_aLiteratura dominicana. _967 |
|
| 700 | 2 |
_aCastro, Tomás, _d1959- _eed. _924641 |
|
| 700 | 1 | 2 |
_aSama Acevedo, Sara, _eil. _924355 |
| 910 | _aValidado. Control de calidad MMOLINA | ||
| 999 |
_c9290 _d9290 |
||